[Event "Challenge"]
[Site "http://www.queenalice.com/game.php?id=124356"]
[Date "2006.11.1"]
[Round "-"]
[White "ThetrueElrohir"]
[Black "azzaman333"]
[Result "1-0"]
[WhiteElo "1241"]
[BlackElo "1100"]

1. e4 f6 2. d4 d6 3. e5 Bf5 4. exd6 cxd6 5. g4 Be4 6. Bb5+ Nd7 7. Bxd7+ Qxd7 8.
f3 Bc6 9. g5 Qf5 10. gxf6 Bxf3 11. Nxf3 Nxf6 12. Bg5 Rc8 13. Na3 h6 14. Bxf6
gxf6 15. Nh4 Qe4+ 16. Kd2 Qxh4 17. Qe2 e5 18. dxe5 fxe5 19. Nb5 Rc6 20. Raf1 Be7
21. Nxa7 Rc5 22. b4 Rc4 23. Qd3 Qg4 24. Nb5 Qg2+ 25. Kc1 Qe4 26. Nc7+ Kd7 27.
Nd5 Bg5+ 28. Kb2 Kc6 29. Nc3 d5 30. b5+ Kc5 31. Nxe4+ 1-0

[Event "Challenge"]
[Site "http://www.queenalice.com/game.php?id=124357"]
[Date "2006.11.1"]
[Round "-"]
[White "azzaman333"]
[Black "Admiral_Bell"]
[Result "1-0"]
[WhiteElo "1025"]
[BlackElo "1415"]

1. c3 e5 2. d3 d5 3. Kd2 Nc6 4. Qb3 Be6 5. Kd1 d4 6. Qb5 a6 7. Qxb7 Na5 8. Qe4
Bd5 9. Qxe5+ Ne7 10. Qxd4 Nac6 11. Qf4 Ng6 12. Qa4 Bd6 13. c4 Be6 14. h4 1-0

[Event "Challenge"]
[Site "http://www.queenalice.com/game.php?id=124359"]
[Date "2006.11.1"]
[Round "-"]
[White "punkbass"]
[Black "azzaman333"]
[Result "1-0"]
[WhiteElo "1279"]
[BlackElo "1204"]

1. d4 Nc6 2. e4 e6 3. c4 Bb4+ 4. Nc3 Qh4 5. Bd3 Nxd4 6. Be3 c5 7. a3 Ba5 8. Rc1
d6 9. b4 cxb4 10. axb4 Bxb4 11. Bxd4 Qg5 12. g3 Qh5 13. Qxh5 Nf6 14. Qb5+ Nd7
15. Qxb4 O-O 16. Qxd6 Nb6 17. Bc5 Re8 18. Nf3 f6 19. O-O Bd7 20. Bxb6 axb6 21.
Qxd7 Red8 22. Qxb7 Rab8 23. Qc7 e5 24. Rfd1 Rdc8 25. Qd6 Kf7 26. Nd5 Re8 27. Ra1
Rbd8 28. Ra7+ Kg6 29. Nxe5+ Kh6 30. Ng4+ Kg5 31. Qf4+ Kh5 32. Qf5+ g5 33. Nf4#
1-0

[Event "AUTO-BEG-38"]
[Site "http://www.queenalice.com/game.php?id=126679"]
[Date "2006.11.8"]
[Round "1"]
[White "prof_zeco"]
[Black "azzaman333"]
[Result "1-0"]
[WhiteElo "1282"]
[BlackElo "1123"]

1. d4 a5 2. e4 c5 3. dxc5 Ra6 4. Bxa6 bxa6 5. Nf3 d5 6. Bf4 Nc6 7. Nc3 e6 8. Qd2
d4 9. Na4 h6 10. O-O-O g5 11. Be5 Nxe5 12. Nxe5 f6 13. Nc6 Qc7 14. Nxd4 Qf4 15.
c6 Qxd2+ 16. Rxd2 e5 17. Nb6 Bg4 18. Nf5 Bxf5 19. exf5 Ne7 20. c7 e4 21. Rhd1
Nxf5 22. c8=Q+ Ke7 23. Qd7# 1-0

[Event "AUTO-BEG-38"]
[Site "http://www.queenalice.com/game.php?id=126680"]
[Date "2006.11.8"]
[Round "1"]
[White "azzaman333"]
[Black "prof_zeco"]
[Result "0-1"]
[WhiteElo "1074"]
[BlackElo "1292"]

1. e4 e5 2. Bc4 Qf6 3. f3 Bc5 4. Qe2 Nc6 5. Qd3 Nd4 6. Qc3 Ne7 7. Nh3 Bb4 8.
Qxb4 Nxc2+ 9. Kd1 Nxb4 10. Re1 Nec6 11. Nc3 a6 12. Re3 Nd4 13. b3 Nbc2 14. Rb1
Nxe3+ 15. dxe3 b5 16. Bd5 c6 17. Nxb5 axb5 18. a4 cxd5 19. exd5 Nxb3 20. Rxb3 e4
21. fxe4 Qf1+ 22. Kc2 Qc4+ 23. Kb2 Rxa4 24. Nf4 Qxe4 25. Nd3 Qxg2+ 26. Kc3 Rc4#
0-1

[Event "AUTO-BEG-38"]
[Site "http://www.queenalice.com/game.php?id=126693"]
[Date "2006.11.8"]
[Round "1"]
[White "Juventus"]
[Black "azzaman333"]
[Result "1-0"]
[WhiteElo "1289"]
[BlackElo "1158"]

1. b3 e5 2. f3 d5 3. Bb2 d4 4. g3 Bf5 5. e4 Be6 6. Nh3 Bd6 7. Ng5 Bd7 8. Nh3 Nf6
9. Bg2 O-O 10. O-O Bb5 11. c4 Bc6 12. f4 Bc5 13. Ng5 g6 14. fxe5 Nh5 15. e6 fxe6
16. Nxe6 Qe7 17. Nxf8 Qxf8 18. Rxf8+ Kxf8 19. Qf3+ Ke7 20. Na3 d3+ 21. Kf1 Nf6
22. Qxf6+ Kd7 23. Qg7+ Kd6 24. Qxh7 Be8 25. e5+ Ke6 26. Bd5+ Kf5 27. Qh3+ Kg5
28. Qh4+ Kf5 29. Qf4# 1-0

[Event "AUTO-BEG-38"]
[Site "http://www.queenalice.com/game.php?id=126694"]
[Date "2006.11.8"]
[Round "1"]
[White "azzaman333"]
[Black "Juventus"]
[Result "0-1"]
[WhiteElo "1225"]
[BlackElo "1261"]

1. e4 g6 2. d4 Bg7 3. f3 Nh6 4. c3 O-O 5. Bc4 e6 6. Bf4 Qh4+ 7. g3 Qe7 8. Na3 c6
9. b4 g5 10. Bc7 d6 11. h4 Qxc7 12. hxg5 Nf5 13. exf5 exf5 14. Qd3 Qe7+ 15. Ne2
d5 16. Bb3 Qxg5 17. Qd2 Qe7 18. Rh4 Re8 19. Nc2 Bf6 20. Ne3 Bxh4 21. gxh4 Qxh4+
22. Kd1 Qh1+ 23. Qe1 Qxf3 24. c4 Qxe3 25. cxd5 f4 26. dxc6 f3 27. Qg3+ Kf8 28.
Qd6+ Re7 29. Rc1 Qxe2# 0-1

[Event "Challenge"]
[Site "http://www.queenalice.com/game.php?id=127768"]
[Date "2006.11.10"]
[Round "-"]
[White "azzaman333"]
[Black "Bluemofia"]
[Result "0-1"]
[WhiteElo "1225"]
[BlackElo "1629"]

1. e4 e5 2. d4 Bd6 3. Bc4 Nf6 4. f3 O-O 5. c3 c5 6. Ne2 a6 7. O-O b5 8. Bb3 cxd4
9. cxd4 exd4 10. Nxd4 Bc5 11. Be3 Nc6 12. Qc2 Bxd4 13. Bxd4 Nxd4 14. Qc3 Ne2+
15. Kf2 Nxc3 16. bxc3 Qb6+ 17. Ke1 Re8 18. Rf2 d5 19. g4 dxe4 20. Nd2 exf3+ 21.
Ne4 Rxe4+ 22. Kd2 Qxf2+ 23. Kc1 Qe1+ 24. Kb2 Re2+ 25. Bc2 Qd2 26. Rd1 Qxc2+ 27.
Ka1 Qxd1# 0-1

[Event "AUTO-BEG-42"]
[Site "http://www.queenalice.com/game.php?id=132504"]
[Date "2006.11.22"]
[Round "1"]
[White "azzaman333"]
[Black "toutey"]
[Result "0-1"]
[WhiteElo "1157"]
[BlackElo "1354"]

1. e3 d5 2. d4 Nf6 3. c4 c6 4. b3 Bf5 5. f3 h5 6. cxd5 cxd5 7. g4 hxg4 8. Bb5+
Nbd7 9. e4 dxe4 10. Bc4 exf3 11. b4 Qc7 12. Nd2 Rxh2 13. Rxh2 Qxh2 14. Ndxf3
gxf3 15. Nxf3 Qh1+ 16. Kd2 Qxd1+ 17. Kxd1 Ne4 18. Nh4 Bh7 19. Bd5 Rb8 20. Bf4
Nc3+ 21. Kd2 Nxd5 22. Bxb8 Nxb8 23. Rb1 Bxb1 24. Kc1 Bxa2 25. Kd2 Nxb4 0-1

[Event "AUTO-BEG-42"]
[Site "http://www.queenalice.com/game.php?id=132505"]
[Date "2006.11.22"]
[Round "1"]
[White "toutey"]
[Black "azzaman333"]
[Result "1-0"]
[WhiteElo "1341"]
[BlackElo "1170"]

1. Nf3 e6 2. c4 Bc5 3. d4 Bd6 4. e4 Bb4+ 5. Bd2 a5 6. Nc3 b6 7. a3 Bd6 8. Bd3 f5
9. Bg5 Nf6 10. e5 Be7 11. exf6 gxf6 12. Be3 c5 13. O-O e5 14. dxe5 fxe5 15. Bxf5
Bf8 16. Qd5 Nc6 17. Nxe5 Nd4 18. Qxa8 Bd6 19. Nf7 Kxf7 20. Qd5+ Kf6 21. Ne4+ Ke7
22. Bg5+ Ke8 23. Nxd6+ 1-0

[Event "AUTO-BEG-42"]
[Site "http://www.queenalice.com/game.php?id=132508"]
[Date "2006.11.22"]
[Round "1"]
[White "azzaman333"]
[Black "Juventus"]
[Result "0-1"]
[WhiteElo "1145"]
[BlackElo "1337"]

1. e4 g6 2. d4 Bg7 3. c3 Nh6 4. Qb3 O-O 5. Bg5 Nc6 6. Nd2 Na5 7. Qd5 Nc6 8.
O-O-O Ng4 9. Nh3 h6 10. Bf4 e6 11. Qc5 b6 12. Qc4 d5 13. exd5 Na5 14. Qb4 exd5
15. f3 Nf6 16. Re1 g5 17. Be5 g4 18. fxg4 Nxg4 19. Re2 Re8 20. Re1 Nxe5 21. Bb5
Nd7 22. Rxe8+ Qxe8 23. Nf2 Qe3 24. c4 Qxf2 25. cxd5 Qxg2 26. Rf1 Qxh2 27. Qc3 h5
0-1

[Event "AUTO-BEG-42"]
[Site "http://www.queenalice.com/game.php?id=132509"]
[Date "2006.11.22"]
[Round "1"]
[White "Juventus"]
[Black "azzaman333"]
[Result "1-0"]
[WhiteElo "1276"]
[BlackElo "1195"]

1. g3 g6 2. Bg2 Bg7 3. Nh3 Nh6 4. O-O O-O 5. Nc3 Nc6 6. e3 e5 7. b3 e4 8. Bxe4
Bxc3 9. dxc3 Ne5 10. f4 Neg4 11. f5 gxf5 12. Bxf5 Nxf5 13. Qxg4+ Ng7 14. Ng5 f5
15. Qh4 Ne6 16. Qxh7# 1-0